Basic metric surveying / (Record no. 544098)
[ view plain ]
| 000 -LEADER | |
|---|---|
| fixed length control field | 00527cam a2200181 i 4500 |
| 020 ## - INTERNATIONAL STANDARD BOOK NUMBER | |
| International Standard Book Number | 0408001976 : |
| 082 00 - DEWEY DECIMAL CLASSIFICATION NUMBER | |
| Classification number | 526.9/02/4624 |
| Author Mark | WHY |
| -- | L-38, P-68 |
| 100 1# - MAIN ENTRY--PERSONAL NAME | |
| Personal name | Whyte, W. S. |
| 9 (RLIN) | 39644 |
| 245 10 - TITLE STATEMENT | |
| Title | Basic metric surveying / |
| Statement of responsibility, etc. | [by] W. S. Whyte. |
| 250 ## - EDITION STATEMENT | |
| Edition statement | 2nd ed. |
| 260 ## - PUBLICATION, DISTRIBUTION, ETC. | |
| Place of publication, distribution, etc. | London : |
| Name of publisher, distributor, etc. | Newnes-Butterworths, |
| Date of publication, distribution, etc. | 1976 [i.e. 1975] |
| 300 ## - PHYSICAL DESCRIPTION | |
| Extent | viii, 312 p. : |
| Other physical details | ill., map ; |
| Dimensions | 22 cm. |
| 500 ## - GENERAL NOTE | |
| General note | Includes index. |
| 526 ## - STUDY PROGRAM INFORMATION NOTE | |
| Program name | 0 |
| Interest level | 0 |
| Reading level | 0 |
| Title point value | 526_902462400000000_WHY |
| 650 #0 - SUBJECT ADDED ENTRY--TOPICAL TERM | |
| Topical term or geographic name entry element | MCE |
| 9 (RLIN) | 379 |
| 650 #0 - SUBJECT ADDED ENTRY--TOPICAL TERM | |
| Topical term or geographic name entry element | Surveying. |
| 942 ## - ADDED ENTRY ELEMENTS (KOHA) | |
| Source of classification or shelving scheme | |
| Koha item type | Book |
| Withdrawn status | Lost status | Source of classification or shelving scheme | Damaged status | Not for loan | Permanent Location | Current Location | Date acquired | Total Checkouts | Full call number | Barcode | Date last seen | Date last checked out | Price effective from | Koha item type |
|---|---|---|---|---|---|---|---|---|---|---|---|---|---|---|
| Military College of Engineering (MCE) | Military College of Engineering (MCE) | 04/11/2014 | 1 | 526.9/02/4624 WHY | MCE-29660 | 11/23/2017 | 10/25/2017 | 04/11/2014 | Book |
